|
|
|
|
| LEADER |
01131cam a2200289 7i4500 |
| 001 |
0000004652 |
| 005 |
20020704090000.0 |
| 035 |
0 |
0 |
|a 0096-00360
|
| 090 |
0 |
0 |
|a SH 307
|b M3 A21 bil.5.
|
| 100 |
1 |
0 |
|a Weber
|
| 245 |
1 |
0 |
|a Cara-cara mengasap ikan
|c oleh W. Weber dan J. Jensen.
|
| 260 |
0 |
0 |
|a Kuala Lumpur:
|b Unit Penerbitan, Kementerian Pertanian,
|c 1973.
|
| 300 |
# |
# |
|a 8p.:
|b ill.;
|c 23 cm.
|
| 490 |
0 |
0 |
|a Risalah perikanan;
|v bil.5.
|
| 650 |
0 |
0 |
|a Fishery product --
|x Preservation. --
|z Malaysi
|
| 650 |
0 |
0 |
|a Fish, Smoked.
|
| 700 |
1 |
1 |
|a Jensen,
|h J.
|
| 710 |
2 |
1 |
|a Malaysia. Bahagian Perikanan
|
| 999 |
|
|
|a 1000384005
|b Book
|c Open Shelf
|e KOLEKSI TERBUKA
|
| 999 |
|
|
|a 1000384004
|b Book
|c Open Shelf
|e KOLEKSI TERBUKA
|
| 999 |
|
|
|a 1000384003
|b Book
|c Open Shelf
|e KOLEKSI TERBUKA
|
| 999 |
|
|
|a 1000384002
|b Book
|c Open Shelf
|e KOLEKSI TERBUKA
|
| 999 |
|
|
|a 1000384001
|b Book
|c Open Shelf
|e KOLEKSI TERBUKA
|
| 999 |
|
|
|a 1000394847
|b Book
|c Open Shelf
|e KOLEKSI TERBUKA
|
| 999 |
|
|
|a 1000394846
|b Book
|c Open Shelf
|e KOLEKSI TERBUKA
|
| 999 |
|
|
|a 1000394845
|b Book
|c Open Shelf
|e KOLEKSI TERBUKA
|
| 999 |
|
|
|a 1000394844
|b Book
|c Open Shelf
|e KOLEKSI TERBUKA
|